A szarvasi tűtartó felirata

Elmentve itt :
Bibliográfiai részletek
Szerző: Róna-Tas András
Dokumentumtípus: Cikk
Megjelent: 1985
Sorozat:Nyelvtudományi közlemények : a Magyar Tudományos Akadémia Nyelvtudományi Intézetének folyóirata 87 No. 1
Kulcsszavak:Feliratok - szarvasi, Feliratok - rovásírásos, Rovásfeliratok - Kárpát-medence - 8. sz.
Tárgyszavak:
Online Access:http://misc.bibl.u-szeged.hu/64509
LEADER 01001nab a2200253 i 4500
001 misc64509
005 20240516141214.0
008 240424s1985 hu o 000 hun d
040 |a SZTE Miscellanea Repozitórium  |b hun 
041 |a hun 
041 |a eng 
100 2 |a Róna-Tas András 
245 1 2 |a A szarvasi tűtartó felirata  |h [elektronikus dokumentum] /  |c  Róna-Tas András 
260 |c 1985 
300 |a 225-248  |c 24 cm 
300 |a [24] p.  |c 24 cm 
490 0 |a Nyelvtudományi közlemények : a Magyar Tudományos Akadémia Nyelvtudományi Intézetének folyóirata  |v 87 No. 1 
561 |a Németh Gyula hagyaték 
591 |a NOA 5152; NOA 5153; NOA 5154; LOA 3236 
650 4 |a Bölcsészettudományok 
650 4 |a Történettudomány és régészet 
650 4 |a Nyelvek és irodalom 
695 |a Feliratok - szarvasi, Feliratok - rovásírásos, Rovásfeliratok - Kárpát-medence - 8. sz. 
856 4 0 |u http://misc.bibl.u-szeged.hu/64509/2/5153_noa.pdf  |z Dokumentum-elérés